Maiores cidades do mundo por população - Statistics

Estatísticas Gerais
  • Esse quiz foi jogado 106 vezes
  • A pontuação média é 12 de 20
Estatísticas das Respostas
População Dica Cidade % Correto
21 650 M Brasil São Paulo
96%
37 468 M Japão Tóquio
96%
21 581 M México Cidade do México
93%
14 967 M Argentina Buenos Aires
90%
20 076 M Egito Cairo
89%
18 819 M EUA Nova Iorque
88%
28 514 M Índia Nova Delhi
86%
13 293 M Brasil Rio de Janeiro
86%
19 618 M China Pequim
80%
14 751 M Turquia Istambul
69%
25 582 M China Xangai
67%
19 980 M Índia Mumbai
56%
13 482 M Filipinas Manila
53%
19 281 M Japão Osaka
53%
13 463 M Nigéria Lagos
49%
19 578 M Bangladesh Dacca
43%
14 681 M Índia Calcutá
21%
15 400 M Paquistão Carachi
18%
13 215 M China Tianjin
8%
14 838 M China Xunquim
2%
Nenhum quiz correspondente encontrado
Distribuição das Pontuações
Porcentagem de Pessoas com Cada Pontuação
Percentil de Números Respondidos
Sua Pontuação Histórica
Você não jogou esse quiz